000 00279nam a22001337a 4500
003 SGT
082 _a370
_bB16S
100 _aSRIVASTAVA, A.K.
245 _aBUTTERFLY SWIMMING
260 _aNEW DELHI
_bSPORTS PUB
_c2016
300 _a80
650 _aEDUCATION
942 _2ddc
_cBK
999 _c12357
_d12357